1882 1114 1807 1553 1342 1990 1215 1958 1933 1174 1288 1798 1167 1910 1146 1869 1670 1229 1384 1279 1234 1649 1203 1751 1604 1746 1605 1993 1806 1111 1787 1981 1963 1933 1992 1074 1480 1676 1330 1819 1352 1827 1109 1730 1722 1867 1821 1966 1055 1131 1109 1273 1929 1273 1375 1192 1657 1685 1840 1680 1255 1070 1392 1861 1934 1496 1197 1633 1718 1384 1998 1821 1597 1419 1920 1998 1646 1251 1104 1486 1104 1080 1752 1427 1619 1563 1389 1270 1889 1422 1789 1984 1488 1472 1347 1630 1941 1752 1423 BCNSPRNW ULIB Ver.6.0+V

เปลี่ยนเป็นภาษาไทย

Change to English
 แสดงรายละเอียดบรรณานุกรม
  กลับหน้าหลัก

Brief Record : Get Marc (ISO 2709) : E-mail record : QR code < ปิดหน้าต่าง
LEADER : 00000nam a2200277Ia 4500
001    13399114509
003     ULIB
008    110928s2012 us a b 001 0 eng d
020    ^a9781437714456
060 04 ^aWB205^bJ28p
100 1  ^aJarvis, Carolyn.
245 10 ^aPhysical examination & health assessment /^cCarolyn Jarvis
246 3  ^aPhysical examination and health assessment.
250    ^a6th ed.
260    ^aSt. Louis, Mo. :^bElsevier/Saunders,^cc2012.
300    ^axv, 880 p. :^bcol. ill. ;^c28 cm.
504    ^aIncludes bibliographical references and index.
650  2 ^aPhysical Examination -- methods -- nurses instruction.
650  2 ^aNursing Assessment -- Nurses instruction.
945    ^p0^l0^i031626
995    ^a Kesorn
999 ^a ใช้งานได้ทุกระบบ
รายการนี้ยังไม่มีแท็ก
คุณยังไม่ได้ล็อกอิน คุณสามารถมีกิจกรรมร่วมกับเว็บไซต์ได้ แต่ต้องล็อกอินก่อน ::
  ล็อกอิน

รายการสื่อสารสนเทศ

ลำดับที่ ประเภท เลขเรียก/บาร์โค้ด สถานที่ สถานะ
- ไม่พบข้อมูล -

รายการใกล้เคียง
    ผู้แต่ง [Jarvis, Carolyn.]

BibComment


ยังไม่เคยถูกคอมเมนท์

คอมเมนท์ทรัพยากรรายการนี้
  คอมเมนท์: Physical examina..


 Copyright 2026. Bcnsprnw @Library